| 000 | 00540nam a2200205Ia 4500 | ||
|---|---|---|---|
| 003 | OSt | ||
| 005 | 20230626141632.0 | ||
| 008 | 210423s9999 xx 000 0 und d | ||
| 020 | _a70666016 | ||
| 040 | _cAL | ||
| 041 | _aeng | ||
| 082 |
_a660.63 _223 _bBAIJ |
||
| 100 |
_aBAILEY (James E);OLLIS (David F). _964074 |
||
| 245 | _aBiochemical engineering fundamentals. | ||
| 260 |
_bOxford University Press _aNew Delhi _c2008 |
||
| 300 |
_axxi,984 _bPB |
||
| 365 |
_b803 _cINR |
||
| 906 | _aBiochemical ; engineering | ||
| 942 |
_2ddc _cBK |
||
| 999 |
_c163590 _d163590 |
||